Business disclosure: Governments need to know (Record no. 34452)

MARC details
000 -LEADER
fixed length control field 00295nam a2200109Ia 4500
082 ## - DEWEY DECIMAL CLASSIFICATION NUMBER
Classification number 658
Item number GOL
245 #0 - TITLE STATEMENT
Title Business disclosure: Governments need to know
260 ## - PUBLICATION, DISTRIBUTION, ETC. (IMPRINT)
Place of publication New York
Name of publisher McGraw Hill
Year of publication 1979
700 ## - ADDED ENTRY--PERSONAL NAME
Personal name Goldschmid, Harvey J
942 ## - ADDED ENTRY ELEMENTS (KOHA)
Koha item type Books
Holdings
Withdrawn status Lost status Damaged status Not for loan Home library Current library Date acquired Cost, normal purchase price Full call number Accession Number Koha item type
        RRII Library RRII Library 16/12/2021 32.95 658 GOL 14889 Books